00517nam a2200157Ia 4500008004100000041000800041082001400049100001600063245004500079250001400124260004200138300003100180365000900211999001700220952012200237240624s9999 xx 000 0 und d aeng a158.1 HOG aHOGAN KEVIN aSCIENCE OF INFLUENCE HOW TO GET ANYONE T a(2nd ed.) c2011aNew JerseybJohn Wiley and Sons axiv, : 305 : p. : cm. ; 22 cb27 c16917d16917 00104070aIMTNbIMTNcRack 1-Bd2011-03-28eBWEg19.95o158.1 HOGp16917r2024-06-24 00:00:00t47.9w2024-06-24yBK